000 00465nam a2200181Ia 4500
005 20250603145849.0
008 250603s9999 xx 000 0 und d
020 _a9781032022031
050 _aHV 9646 .I86/
100 _aIsmail, Nasrul,
245 4 _aThe English prison health system after a decade of austerity, 2010-2020
260 _aAbingdon
260 _bRoutledge
260 _c2023
300 _aix, 188p.: ill.
650 _aAbingdon
942 _cBK
999 _c43082
_d43082